<?xml version="1.0" encoding="UTF-8"?>
<record
    xmlns:xsi="http://www.w3.org/2001/XMLSchema-instance"
    xsi:schemaLocation="http://www.loc.gov/MARC21/slim http://www.loc.gov/standards/marcxml/schema/MARC21slim.xsd"
    xmlns="http://www.loc.gov/MARC21/slim">

  <leader>00697nam a22001337a 4500</leader>
  <datafield tag="040" ind1=" " ind2=" ">
    <subfield code="c">RUA</subfield>
  </datafield>
  <datafield tag="082" ind1=" " ind2=" ">
    <subfield code="a">AVM POK 2018 B658 Or.1</subfield>
  </datafield>
  <datafield tag="100" ind1=" " ind2=" ">
    <subfield code="a">POK NHEN  &#x1794;&#x17C9;&#x17BB;&#x1780;&#x200B; &#x1789;&#x17C9;&#x17C1;&#x1793;</subfield>
  </datafield>
  <datafield tag="245" ind1=" " ind2=" ">
    <subfield code="a">study on parasite in domestic chicken (gallus gallus domesticus L,) in yie ang commune, thpong distrit, kampong speu province  &#x1780;&#x17B6;&#x179A;&#x179F;&#x17B7;&#x1780;&#x17D2;&#x179F;&#x17B6;&#x1796;&#x17B8;&#x1794;&#x179A;&#x17B6;&#x179F;&#x17B7;&#x178F;&#x179B;&#x17BE;&#x1798;&#x17B6;&#x1793;&#x17CB;&#x179F;&#x17D2;&#x179A;&#x17C2;&#x200B; &#x1793;&#x17C5;&#x1783;&#x17BB;&#x17C6;&#x1799;&#x17B6;&#x17A2;&#x1784;&#x17D2;&#x1782; &#x179F;&#x17D2;&#x179A;&#x17BB;&#x1780;&#x1790;&#x17D2;&#x1796;&#x1784;&#x200B; &#x1781;&#x17C1;&#x178F;&#x17D2;&#x178F;&#x1780;&#x1798;&#x1796;&#x1784;&#x17CB;&#x179F;&#x17D2;&#x1796;&#x17BA;</subfield>
  </datafield>
  <datafield tag="260" ind1=" " ind2=" ">
    <subfield code="a">RUA</subfield>
    <subfield code="b">PNOHM PENM</subfield>
    <subfield code="c">2018</subfield>
  </datafield>
  <datafield tag="300" ind1=" " ind2=" ">
    <subfield code="a">xi;31p</subfield>
    <subfield code="b">ill;</subfield>
    <subfield code="c">29cm</subfield>
  </datafield>
  <datafield tag="856" ind1=" " ind2=" ">
    <subfield code="u">https://drive.google.com/file/d/1xFvoZsH2nhNCCMumM8YZwrkaTzZIJQUo/view?usp=sharing</subfield>
  </datafield>
  <datafield tag="942" ind1=" " ind2=" ">
    <subfield code="c">AVM</subfield>
  </datafield>
  <datafield tag="999" ind1=" " ind2=" ">
    <subfield code="c">18902</subfield>
    <subfield code="d">18902</subfield>
  </datafield>
  <datafield tag="952" ind1=" " ind2=" ">
    <subfield code="0">0</subfield>
    <subfield code="1">0</subfield>
    <subfield code="2">ddc</subfield>
    <subfield code="4">0</subfield>
    <subfield code="6">AVM_POK_2018_000000000000000_B658_OR_1</subfield>
    <subfield code="7">0</subfield>
    <subfield code="9">83585</subfield>
    <subfield code="a">LBB</subfield>
    <subfield code="b">LBB</subfield>
    <subfield code="c">B658</subfield>
    <subfield code="d">2020-02-07</subfield>
    <subfield code="l">4</subfield>
    <subfield code="o">AVM POK 2018 B658 Or.1</subfield>
    <subfield code="p">A063706</subfield>
    <subfield code="r">2022-03-02</subfield>
    <subfield code="s">2022-02-04</subfield>
    <subfield code="w">2020-02-07</subfield>
    <subfield code="y">AVM</subfield>
  </datafield>
  <datafield tag="952" ind1=" " ind2=" ">
    <subfield code="0">0</subfield>
    <subfield code="1">0</subfield>
    <subfield code="2">ddc</subfield>
    <subfield code="4">0</subfield>
    <subfield code="6">AVM_POK_2018_000000000000000_B658_OR_2</subfield>
    <subfield code="7">0</subfield>
    <subfield code="9">83586</subfield>
    <subfield code="a">LBB</subfield>
    <subfield code="b">LBB</subfield>
    <subfield code="c">B658</subfield>
    <subfield code="d">2020-02-07</subfield>
    <subfield code="l">5</subfield>
    <subfield code="o">AVM POK 2018 B658 Or.2</subfield>
    <subfield code="p">A063202</subfield>
    <subfield code="r">2022-10-28</subfield>
    <subfield code="s">2022-02-04</subfield>
    <subfield code="w">2020-02-07</subfield>
    <subfield code="y">AVM</subfield>
  </datafield>
  <datafield tag="952" ind1=" " ind2=" ">
    <subfield code="0">0</subfield>
    <subfield code="1">0</subfield>
    <subfield code="2">ddc</subfield>
    <subfield code="4">0</subfield>
    <subfield code="6">AVM_POK_2018_000000000000000_B658_OR_3</subfield>
    <subfield code="7">0</subfield>
    <subfield code="9">83587</subfield>
    <subfield code="a">LBB</subfield>
    <subfield code="b">LBB</subfield>
    <subfield code="c">B658</subfield>
    <subfield code="d">2020-02-07</subfield>
    <subfield code="l">5</subfield>
    <subfield code="o">AVM POK 2018 B658 Or.3</subfield>
    <subfield code="p">A063818</subfield>
    <subfield code="r">2025-08-27</subfield>
    <subfield code="s">2025-08-07</subfield>
    <subfield code="w">2020-02-07</subfield>
    <subfield code="y">AVM</subfield>
  </datafield>
  <datafield tag="952" ind1=" " ind2=" ">
    <subfield code="0">0</subfield>
    <subfield code="1">0</subfield>
    <subfield code="2">ddc</subfield>
    <subfield code="4">0</subfield>
    <subfield code="6">AVM_POK_2018_000000000000000_B658_OR_4</subfield>
    <subfield code="7">0</subfield>
    <subfield code="9">83588</subfield>
    <subfield code="a">LBB</subfield>
    <subfield code="b">LBB</subfield>
    <subfield code="c">B658</subfield>
    <subfield code="d">2020-02-07</subfield>
    <subfield code="l">3</subfield>
    <subfield code="o">AVM POK 2018 B658 Or.4</subfield>
    <subfield code="p">A063916</subfield>
    <subfield code="r">2021-09-10</subfield>
    <subfield code="s">2021-08-10</subfield>
    <subfield code="w">2020-02-07</subfield>
    <subfield code="y">AVM</subfield>
  </datafield>
  <datafield tag="952" ind1=" " ind2=" ">
    <subfield code="0">0</subfield>
    <subfield code="1">0</subfield>
    <subfield code="2">ddc</subfield>
    <subfield code="4">0</subfield>
    <subfield code="6">AVM_POK_2018_000000000000000_B658_OR_5</subfield>
    <subfield code="7">0</subfield>
    <subfield code="9">83589</subfield>
    <subfield code="a">LBB</subfield>
    <subfield code="b">LBB</subfield>
    <subfield code="c">B658</subfield>
    <subfield code="d">2020-02-07</subfield>
    <subfield code="l">5</subfield>
    <subfield code="o">AVM POK 2018 B658 Or.5</subfield>
    <subfield code="p">A063832</subfield>
    <subfield code="r">2024-07-31</subfield>
    <subfield code="s">2024-07-05</subfield>
    <subfield code="w">2020-02-07</subfield>
    <subfield code="y">AVM</subfield>
  </datafield>
  <datafield tag="952" ind1=" " ind2=" ">
    <subfield code="0">0</subfield>
    <subfield code="1">0</subfield>
    <subfield code="2">ddc</subfield>
    <subfield code="4">0</subfield>
    <subfield code="6">AVM_POK_2018_000000000000000_B658_OR_6</subfield>
    <subfield code="7">0</subfield>
    <subfield code="9">83590</subfield>
    <subfield code="a">LBB</subfield>
    <subfield code="b">ML</subfield>
    <subfield code="c">B658</subfield>
    <subfield code="d">2020-02-07</subfield>
    <subfield code="l">2</subfield>
    <subfield code="o">AVM POK 2018 B658 Or.6</subfield>
    <subfield code="p">A063612</subfield>
    <subfield code="q">2026-08-04</subfield>
    <subfield code="r">2026-06-30</subfield>
    <subfield code="s">2026-06-30</subfield>
    <subfield code="w">2020-02-07</subfield>
    <subfield code="y">AVM</subfield>
  </datafield>
</record>
